| 000 | 00711nam a22002297a 4500 | ||
|---|---|---|---|
| 008 | 150709b xxu||||| |||| 00| 0 alb d | ||
| 020 | _a9789951437141 | ||
| 020 | _a9789951560061 | ||
| 041 | 0 | _aalb | |
| 080 |
_a72.036 _x(496.51) |
||
| 100 | _aBeqaj, Binak ; | ||
| 245 |
_aMenaxhimi urban : _cBinak Beqaj. |
||
| 260 |
_aPrishtine : _bUniversiteti për Biznes dhe Teknologji ; _c2007. |
||
| 300 |
_a150 f. : _bme il. ; _c21 cm. |
||
| 505 | _aShënime për autorin : f.3 | ||
| 505 | _aShkurtesat dhe indeksi i terminologjive : f. 141-143. | ||
| 505 | _aLiteratura : f. 145-150 | ||
| 650 | 0 | _aUrbanizim | |
| 650 | 0 | _aPlanifikim | |
| 650 | 0 | _aNdërtim | |
| 942 |
_2udc _cBK |
||
| 999 |
_c1103 _d1103 |
||